| 000 | 00911nac a22002531u 4500 | ||
|---|---|---|---|
| 010 | _a 93036709 | ||
| 020 | _a0415090121 : | ||
| 020 | _a041509013X (pbk.) : | ||
| 082 | 0 | 0 |
_a291.35 _bPAR |
| 090 |
_c7585 _d7585 |
||
| 100 | _aPark, Chris C. | ||
| 245 | 1 | 0 |
_aSacred worlds : _ban introduction to geography and religion / _cChris C. Park. |
| 260 |
_aLondon ; _aNew York : _bRoutledge,1994 _c1994. |
||
| 300 |
_axiv, 332 p. : _bill., maps ; _c25 cm. |
||
| 500 | _adistributer: Al-Ahram | ||
| 504 | _aIncludes bibliographical references (p. 288-312) and index. | ||
| 511 | _acatalogued by: wessam | ||
| 650 | 0 | _aSacred space. | |
| 650 | 0 | _aReligion and geography. | |
| 650 | 0 | _aHuman geography. | |
| 650 | 0 | _aGeographical perception. | |
| 856 | 4 | 2 |
_3Publisher description _uhttp://www.loc.gov/catdir/enhancements/fy0648/93036709-d.html |
| 942 |
_cBB _k291.35PAR |
||
| 999 |
_c7585 _d7585 |
||